[Event "Gorges op 29th"]
[Site "Gorges"]
[Date "2019.07.07"]
[Round "4"]
[White "Bourdeaux, Angele"]
[Black "Boucher, Daniel"]
[Result "0-1"]
[WhiteElo "1700"]
[BlackElo "1378"]
[PlyCount "122"]
[EventDate "2019.07.05"]
[EventType "swiss"]
[EventRounds "5"]
[EventCountry "FRA"]
[SourceTitle "EXT 2020"]
[Source "ChessBase"]
[SourceDate "2019.10.17"]
[SourceVersion "1"]
[SourceVersionDate "2019.10.17"]
[SourceQuality "1"]

1. e4 b6 2. Bc4 Bb7 3. d3 e6 4. Bb3 d5 5. Nd2 Na6 6. c3 Nc5 7. Bc2 dxe4 8. dxe4 Nd3+ 9. Bxd3 Qxd3 10. Qe2 Ba6 11. c4 0-0-0 12. Qxd3 Rxd3 13. Ngf3 f6 14. 0-0 Nh6 15. b3 Bb4 16. Rd1 Rhd8 17. a3 Bc3 18. Ra2 Bb7 19. Ne1 R3d7 20. f3 Bd4+ 21. Kf1 f5 22. exf5 Nxf5 23. Ne4 Bxe4 24. fxe4 Ne7 25. Rad2 e5 26. Nf3 Ng6 27. Rd3 Rf8 28. Ke2 Nf4+ 29. Bxf4 Rxf4 30. Nxd4 Rxe4+ 31. Kf3 Rexd4 32. Rxd4 exd4 33. Re1 Kd8 34. Ke2 a5 35. Kd3 c5 36. Re6 Kc7 37. Re4 g6 38. h3 h5 39. Re6 Rd6 40. Re7+ Kc6 41. Re4 Rf6 42. Re2 Kd6 43. Re4 Re6 44. Rxe6+ Kxe6 45. Ke4 g5 46. g3 Kd6 47. h4 gxh4 48. gxh4 Ke6 49. Kf4 Kf6 50. Ke4 Ke6 51. Kf4 d3 52. Ke3 d2 53. Kxd2 Kf5 54. Ke3 Kg4 55. Ke4 Kxh4 56. Kf4 Kh3 57. Kf3 h4 58. a4 Kh2 59. Kf2 Kh3 60. Kf1 Kg3 61. Kg1 Kf3 0-1